书目信息 |
| 题名: |
房地产开发与经营
|
|
| 作者: | 柳立生 , 刘红霞 主编 | |
| 分册: | ||
| 出版信息: | 武汉 武汉工业大学出版社 2009.08 |
|
| 页数: | 318页 | |
| 开本: | 20cm | |
| 丛书名: | ||
| 单 册: | ||
| 中图分类: | F293.3 | |
| 科图分类: | ||
| 主题词: | 城市经济 , 市政经济 | |
| 电子资源: | ||
| ISBN: | 978-7-5629-4292-4 | |
| 000 | 00680nam0 2200229 45 | |
| 001 | 2057364472 | |
| 005 | 20201123155738.45 | |
| 010 | @a978-7-5629-4292-4@dRMB 35.00 | |
| 100 | @a20201123d2009 km y0chiy0120 ea | |
| 101 | 0 | @achi |
| 102 | @aCN@b420000 | |
| 200 | 1 | @a房地产开发与经营@Afang di chan kai fa yu jing ying@f柳立生, 刘红霞主编@Fliu li sheng,liu hong xia zhu bian |
| 205 | @a2版 | |
| 210 | @a武汉@c武汉工业大学出版社@d2009.08 | |
| 215 | @a318页@d20cm | |
| 606 | 0 | @a城市经济 |
| 606 | 0 | @a市政经济 |
| 690 | @aF293.3@v4 | |
| 701 | 0 | @a柳立生@Aliu li sheng@4主编 |
| 701 | 0 | @a刘红霞@Aliu hong xia@4主编 |
| 801 | 0 | @aCN@bPFT@c20201123 |
| 905 | @a10447@dF293.3@eL7521=2 | |
| 房地产开发与经营/柳立生, 刘红霞主编.-2版.-武汉:武汉工业大学出版社,2009.08 |
| 318页;20cm |
| ISBN 978-7-5629-4292-4:RMB 35.00 |
| ● |
| 相关链接 |
|
|
|
正题名:房地产开发与经营
索取号:F293.3/L7521=2
 
预约/预借
| 序号 | 登录号 | 条形码 | 馆藏地/架位号 | 状态 | 备注 |
| 1 | 1216253 | 212162531 | 社科库409/409社科库 108排1列2层/ [索取号:F293.3/L7521=2] | 在馆 |